000 00719nam a2200265Ia 4500
005 20260121170245.0
008 008 260114s9999 xx 000 0 eng d
020 _a9789811073892
037 _aEBOOK
040 _aCRL
040 _beng
040 _cCRL
041 _2eng
041 _aeng
084 _qCRL
100 _aYongtian Wang, Shengjin Wang, Yue Liu, Jian Yang, Xiaoru Yuan, Ran He, Henry Been-Lirn Duh
_91061704
245 0 _aAdvances in Image and Graphics Technologies
260 _bSpringer
260 _bSpringer
260 _c2018
856 _uhttps://link.springer.com/openurl?genre=book&isbn=978-981-10-7389-2
942 _cEBOOK
999 _c1627433
_d1627433